Focal guide to shooting animation (Record no. 33079)

MARC details
000 -LEADER
fixed length control field 00275nam a2200109Ia 4500
082 ## - DEWEY DECIMAL CLASSIFICATION NUMBER
Classification number 778.534
Item number PER;1
100 ## - MAIN ENTRY--AUTHOR NAME
Personal name Perisic, Zoran
245 #0 - TITLE STATEMENT
Title Focal guide to shooting animation
260 ## - PUBLICATION, DISTRIBUTION, ETC. (IMPRINT)
Place of publication London
Name of publisher Focal
Year of publication 1978
942 ## - ADDED ENTRY ELEMENTS (KOHA)
Koha item type Books
Holdings
Withdrawn status Lost status Damaged status Not for loan Home library Current library Date acquired Cost, normal purchase price Full call number Accession Number Koha item type
        RRII Library RRII Library 16/12/2021 32.00 778.534 PER;1 13580 Books